000 00891nam a22002537a 4500
003 OSt
005 20230113100525.0
008 230112b |||||||| |||| 00| 0 eng d
020 _a0 7313 . 8924 7
040 _cBiblioteca Lado V
082 _a700.74
_bW335e
100 _9520
_aWatkins, Jonathan
_edirector
245 _aEvery Day/
_b11th Biennale of Sydney/
260 _aSidney Australia
_bBiennale of Sidney Ltd.
_c1998
300 _a281p.
_c23x29cm
650 _2Tesauro de Arte & Arquitectura
_aBIENAL
650 _2Tesauro de Arte & Arquitectura
_aARTE
650 _2Tesauro de Arte & Arquitectura
_aPINTURA
650 _2Tesauro de Arte & Arquitectura
_aFOTOGRAFIA
650 _2Tesauro de Arte & Arquitectura
_aDIBUJO
650 _2Tesauro de Arte & Arquitectura
_aARTE DE AUSTRALIA
700 _aWodak, Jo
_eeditor
942 _2ddc
_c1
_h700.74
_iW335e
_n0
999 _c2765
_d2765